| 000 | 00418cam a2200181 4500 | ||
|---|---|---|---|
| 001 | D14552 | ||
| 008 | 090401t1923 xxu||||| |||| 00| 0 eng d | ||
| 035 | _a(Sirsi) u94778 | ||
| 041 | _aeng | ||
| 100 | _aZon, Raphael | ||
| 245 | _aForest resources of the world Vol 1 | ||
| 260 |
_bMcGraw Hill _c1923 |
||
| 350 | _a0 | ||
| 520 | _aShelf 163 | ||
| 700 | _aSparhawk, William N | ||
| 942 | _n0 | ||
| 948 | _c04/03/1997 | ||
| 999 |
_c98184 _d98184 |
||